La timidez vencida

保存先:
書誌詳細
第一著者: Jagot, Paul-Clément (著者)
フォーマット: 図書
言語:スペイン語
出版事項: Santiago Zig-Zag 1900
シリーズ:Colección Manuales
主題:
タグ: タグ追加
タグなし, このレコードへの初めてのタグを付けませんか!

MARC

LEADER 00000nam a2200000 a 4500
001 UCZ5020
003 CL-VaPUC
008 951115e19000000CL |||||||||||||||||spa|d
082 0 4 |a 155.25  |b JAG  |2 21 
100 |a Jagot, Paul-Clément   |e author  |9 570515 
245 1 3 |a La timidez vencida 
300 |a 149 p 
942 |c BK 
945 |d 19951115 00:00:00  |a rleighto 
260 |a Santiago  |b Zig-Zag  |c 1900 
650 0 |a Psicología   |9 257863 
650 0 |a Psicología individual  |9 309049 
650 7 |a CIENCIAS DEL COMPORTAMIENTO  |2 CL-VaPUC  |9 348978 
650 0 |a Personalidad   |9 307255 
583 |a last modification  |c 19951115 00:00:00  |k Rodrigo Vera 
490 0 |a Colección Manuales 
999 |c 241349  |d 241347 
952 |0 0  |1 0  |4 0  |6 155_250000000000000_JAG_1900  |7 0  |8 P  |9 253647  |a BIBEDU  |b BIBEDU  |c BIBEDU_PB  |d 2019-11-19  |i 3151492  |o 155.25 JAG 1900  |p 3151492  |r 2024-01-25  |w 2019-11-19  |y BK  |k EDU